Mistä kunnasta -PS? - Statistics

Yleistilastot
  • Tätä visaa on pelattu 32 kertaa
  • Keskiarvotulos 8 / 12
Vastaustilastot
Kuvavisa Vastaus % Oikein
Espoo
93%
Turku
85%
Helsinki
81%
Jyväskylä
81%
Oulu
81%
Helsinki
78%
Helsinki
74%
Vaasa
67%
Vantaa
56%
Imatra
52%
Kokkola
30%
Ruokalahti
7%
Ehtoja vastaavia visoja ei löytynyt
Tulosjakauma
Jokaisen tuloksen saaneiden osuus
Persentiili vastausten määrän mukaan
Tuloshistoriasi
Et ole pelannut tätä visaa